Defining and mainstreaming Environmental Sustainability in Water Resources Management in South / (Record no. 2054)

000 -LEADER
fixed length control field 00769nam a2200241 a 4500
007 - PHYSICAL DESCRIPTION FIXED FIELD--GENERAL INFORMATION
fixed length control field ta
008 - FIXED-LENGTH DATA ELEMENTS--GENERAL INFORMATION
fixed length control field 200131t2002 xxuad||g |||| 00| 0 eng d
020 ## - INTERNATIONAL STANDARD BOOK NUMBER
International Standard Book Number 1779100183
040 ## - CATALOGING SOURCE
Original cataloging agency IMU Kochi Library
Language of cataloging eng
041 0# - LANGUAGE CODE
Language code of text/sound track or separate title eng
044 ## - COUNTRY OF PUBLISHING/PRODUCING ENTITY CODE
MARC country code India
082 04 - DEWEY DECIMAL CLASSIFICATION NUMBER
Edition number 23
Classification number 354.360968
Item number So883
245 10 - TITLE STATEMENT
Title Defining and mainstreaming Environmental Sustainability in Water Resources Management in South /
260 ## - PUBLICATION, DISTRIBUTION, ETC. (IMPRINT)
Place of publication, distribution, etc Washington , D. C. :
Name of publisher, distributor, etc World Bank,
Date of publication, distribution, etc 2002
300 ## - PHYSICAL DESCRIPTION
Extent xviii , 318 p. :
Other physical details Col.ill., Charts. ;
Dimensions 28 cm
651 ## - SUBJECT ADDED ENTRY--GEOGRAPHIC NAME
Geographic name Sustainable development
General subdivision Water resources development
Form subdivision Textbooks
700 ## - ADDED ENTRY--PERSONAL NAME
Personal name Johnson, Phyllis
Relator term Editor
700 ## - ADDED ENTRY--PERSONAL NAME
Personal name Maro, Paul
Relator term Editor
700 ## - ADDED ENTRY--PERSONAL NAME
Personal name Chiuta, Tabeth Matiza
Relator term Editor
852 ## - LOCATION/CALL NUMBER
Location IMU Kochi Library
904 ## - LOCAL DATA ELEMENT D, LDD (RLIN)
CATALOGER Reshma Rajesh
942 ## - ADDED ENTRY ELEMENTS (KOHA)
Item type Books
Holdings
Withdrawn status Lost status Source of classification or shelving scheme Damaged status Not for loan Collection code Permanent location Current location Shelving location Date acquired Source of acquisition Full call number Barcode Date last seen Koha item type Public note
          Gifted Collection IMU Kochi Library IMU Kochi Library Reference 2002-01-31 Donated Books 354.360968 So883 G0073 2020-01-31 Gratis Books Shelf-22, Row-5


Copyright © All Rights Reserved by Indian Maritime University, Kochi Campus.
For any Suggestions/Query Contact to library or Email: library.kochi@imu.ac.in Ph:(0484)-2989402
(Web OPAC Designed by Rudra Ranjan. Maintained by IMU Kochi Library)

Powered by Koha